[Event "Dewan Astana Karnival op (Women)"]
[Site "Dewan Astana"]
[Date "2015.07.29"]
[Round "1"]
[White "Munira, Menjan"]
[Black "Zakira, Afina Zainudin"]
[Result "1-0"]
[WhiteElo "1437"]
[BlackElo "1116"]
[PlyCount "65"]
[EventDate "2015.07.29"]
[EventType "swiss"]
[EventRounds "7"]
[EventCountry "MAS"]
[SourceTitle "EXT 2017"]
[Source "ChessBase"]
[SourceDate "2016.10.25"]
[SourceVersion "1"]
[SourceVersionDate "2016.10.25"]
[SourceQuality "1"]

1. h3 e5 2. d4 exd4 3. Nf3 Nc6 4. Bg5 Be7 5. Bxe7 Qxe7 6. a3 Qc5 7. Qd3 Nf6 8. c3 dxc3 9. Qxc3 Qxc3+ 10. Nxc3 a6 11. e3 b5 12. b4 d6 13. Bd3 Bb7 14. 0-0 0-0 15. Ne4 Nxe4 16. Bxe4 Rae8 17. Bd5 Nd8 18. Bxb7 Nxb7 19. Rac1 c5 20. bxc5 dxc5 21. Rfd1 Rc8 22. Rd7 Na5 23. Ne5 f6 24. Nd3 c4 25. Nb4 Nb3 26. Rcd1 a5 27. Nd5 Kh8 28. Ne7 Ra8 29. Rc7 g6 30. Rdd7 Kg7 31. Nf5+ Kh8 32. Rxh7+ Kg8 33. Nh6# 1-0